Vymedzenie relevantného trhu a analýza dopadov spájania sa trhových hráčov

Vymedzenie relevantného trhu. Hodnotenie dopadov spájania sa trhových hráčov. Ilustračný príklad.

Salvato in:
Dettagli Bibliografici
Autore principale: Skaličanová, Barbora
Natura: Capitolo di libro
Lingua:slovacco
Soggetti:
Tags: Aggiungi Tag
Nessun Tag, puoi essere il primo ad aggiungerne!!

MARC

LEADER 00000nla a2200000 4500
001 0222680
005 20240502073639.1
041 0 |a slo 
044 |a SK 
245 1 0 |a Vymedzenie relevantného trhu a analýza dopadov spájania sa trhových hráčov  |c Barbora Skaličanová 
520 |a Vymedzenie relevantného trhu. Hodnotenie dopadov spájania sa trhových hráčov. Ilustračný príklad. 
610 2 0 |a trh relevantný 
610 2 0 |a súťaž hospodárska 
610 2 0 |a konkurencia 
610 2 0 |a politika protimonopolná 
610 2 0 |a trh spotrebiteľský 
100 1 |a Skaličanová, Barbora